Alle The Walking Dead Serien - Statistiken

Allgemein
  • Dieses Quiz wurde 46 mal gespielt
  • Das Durchschnittsergebnis liegt bei 4 aus 7
Antwortstatistiken
Hauptcharaktere Serie % Korrekt
Rick, Daryl The Walking Dead
98%
Morgan, Madison Fear the Walking Dead
80%
Daryl, Carol The Walking Dead: Daryl Dixon
71%
Negan, Maggie The Walking Dead: Dead City
71%
Rick, Michonne The Walking Dead: The Ones Who Live
51%
Hope, Jadis The Walking Dead: World Beyond
44%
Alpha, Lydia Tales of the Walking Dead
22%
Keine übereinstimmenden Quizze gefunden
Verteilung der Resultate
Anzahl Personen mit jedem Resultat
Perzentil nach korrekt beantworteten Fragen
Ihre Resultats-Entwicklung
Sie haben dieses Quiz noch nicht gespielt